| 000 | 00382nam a2200157Ia 4500 | ||
|---|---|---|---|
| 008 | 230917s9999||||xx |||||||||||||| ||und|| | ||
| 040 |
_e36537 _aMAIN |
||
| 041 | _aEnglish | ||
| 082 | _a954.01 C392S | ||
| 100 | _aChattopadhyaya,Sudhakar | ||
| 245 | 0 | _aSakas in India | |
| 250 | _a2nd ed. | ||
| 260 |
_aSantiniketan _bVisva Bharati _c1967 |
||
| 300 | _avi, 115 p. | ||
| 942 | _cBK | ||
| 999 |
_c190317 _d190317 |
||